Kylie Minogue Uk Top 75 Singles - Statistics

General Stats
  • This quiz has been taken 137 times
    65 since last reset
  • The average score is 28 of 63
Answer Stats
Chart Position Year Featuring Answer % Correct
#1 2001 Can't Get You Out of My Head
92%
#2 1988 The Locomotion
90%
#1 1988 I Should Be So Lucky
86%
#1 2003 Slow
82%
#1 2000 Spinning Around
82%
#1 1988 Jason Donovan Especially For You
78%
#2 2000 Robbie Williams Kids
76%
#2 1990 Better the Devil You Know
70%
#2 1994 Confide in Me
70%
#3 2010 All the Lovers
68%
#8 2023 Padam Padam
68%
#1 1989 Hand on Your Heart
64%
#2 2002 Love At First Sight
62%
#8 2002 Come Into My World
60%
#3 2002 In Your Eyes
60%
#2 2000 On a Night Like This
60%
#6 2004 Chocolate
58%
#5 2004 Red Blooded Woman
58%
#5 2007 Wow
58%
#11 1995 Nick Cave Where the Wild Roses Grow
56%
#2 1988 Got to Be Certain
50%
#6 1991 Shocked
50%
#12 2010 Get Outta My Way
48%
#2 1988 Je Ne Sais Pas Pourquoi
48%
#4 1990 Step Back in Time
48%
#1 1990 Tears on my Pillow
48%
#6 1991 What do I Have to Do
46%
#4 2007 2 Hearts
44%
#2 2004 I Believe in You
42%
#10 2008 In My Arms
42%
#11 1994 Put Yourself in My Place
40%
#19 2023 Tension
40%
#4 1991 Keith Washington If You Were With Me Now
38%
#4 1989 Never Too Late
38%
#14 1998 Breathe
36%
#20 1992 Celebration
36%
#38 2018 Dancing
36%
#2 1992 Give Me Just a Little More Time
36%
#8 2011 Taio Cruz Higher
36%
#22 1997 Some Kind of Bliss
36%
#2 1989 Wouldn't Change a Thing
36%
#14 1997 Did It Again
34%
#10 2000 Please Stay
34%
#6 2005 Giving You Up
30%
#53 2020 Magic
30%
#36 2008 The One
30%
#16 1991 Word is Out
30%
#32 2010 Better Than Today
28%
#12 2014 Into the Blue
26%
#14 1992 What Kind of Fool
24%
#59 2014 I Was Gonna Cancel
22%
#59 2024 Lights Camera Action
22%
#63 2024 Bebe Rexha, Tove Lo My Oh My
22%
#60 2024 Sia Dance Alone
20%
#11 1992 Finer Feelings
20%
#56 2020 Say Something
20%
#31 2012 Timebomb
16%
#16 1995 Where is the Feeling?
16%
#63 1998 Towa Tei GBI
14%
#31 2007 Santa Baby
14%
#52 2018 Stop me From Falling
12%
#49 1991 Vision Masters/Tony King Keep on Pumpin It
8%
#60 2014 Crystallize
6%
No matching quizzes found
Score Distribution
Percent of People with Each Score
Percentile by Number Answered
Your Score History
You have not taken this quiz since the last reset